Clubs de Ligue 1 2023-2024 - Statistiques

Statistiques générales
  • Ce quiz a été pris 1 615 fois
  • Le résultat moyen est 16 sur 18
Statistiques - réponses
Club % Correct
PSG
100%
Marseille
99%
Lyon
97%
Lille
95%
Lens
92%
Rennes
91%
Monaco
90%
Nantes
89%
Nice
89%
Strasbourg
88%
Brest
87%
Toulouse
87%
Montpellier
85%
Lorient
79%
Reims
79%
Metz
78%
Clermont
73%
Le Havre
73%
Aucun quiz correspondant
Distribution des résultats
% des personnes avec chaque résultat
Percentile par nombre de réponses
Votre historique - résultats
Vous n’avez pas pris ce quiz